| 000 | 00378nam a2200145Ia 4500 | ||
|---|---|---|---|
| 008 | 231129s2002||||xx |||||||||||||| ||spa|| | ||
| 020 | _a958-30-0878-8 | ||
| 040 | _bspa | ||
| 082 | _a(i) 808.068543 N778g | ||
| 100 | _aNoguera Arrieta Luisa | ||
| 245 | 0 | _aEl globito azul | |
| 260 | _c2002 | ||
| 264 | _aPanamericana | ||
| 942 |
_2ddc _cBKS |
||
| 999 |
_c11151 _d11151 |
||